000 00472nam a2200181Ia 4500
003 GCL
008 140319s9999 xx 000 0 eng d
040 _aGCL /
_cGCL
082 0 4 _a953.53
_bW S
100 1 _aWILLIAMSON, ANDREW
245 1 0 _aSOHAR AND OMANI SEAFARING IN THE INDIAN OCEAN /
_cWILLIAMSON, ANDREW
260 _a[S.N] :
_bPETROLEUM DEVELOPMENT ،
_c1973
300 _a36 P
650 0 4 _aOMAN
650 0 4 _aSOHAR
650 0 4 _aSEAFARING
942 _2ddc
_cBK
999 _c12079
_d12079